000 01101nam a2200313 i 4500
003 DO-SdBNP
005 20251121131356.0
007 ta
008 251015b2025 dr ||||| |||| 00| 0 spa d
020 _a9789945656275
040 _aDO-SdBNP
_bspa
_cBNPHU
_erda
041 _aspa
082 4 _aRD861.44
_bA795s
_222
100 _aArvelo, Genaro
_d1954-
_eautor
_4aut.
_937157
245 1 4 _aSus ojos azules /
_cGenaro Arvelo
250 _aPrimera edición
264 1 _aSanto Domingo, República Dominicana :
_bEditorial Santuario,
_c2025.
300 _a90 páginas ;
_c23 cm.
336 _atexto
_btxt
_2rdacontent
337 _asin mediación
_bn
_2rdamedia
338 _avolumen
_bnc
_2rdacarrier
500 _aIncluye datos biográficos del autor en la solapa de la cubierta.
505 _aBreviario Sus ojos azules, 9 -- Telón lírico hay unos ojos, 11 - Dominic frente al mar, 13 -- Llegada de Franchesco, 15 -- Caída del príncipe, 17 --
590 _aInventariado, 2025 /LP
650 7 _aPoesía dominicana
650 7 _aLiteratura dominicana
910 _aLP
942 _2ddc
_cLBS1
999 _c59960
_d59960